00385nam a2200145Ia 4500008004100000020001500041041000800056082001800064100004500082245004600127250000600173260003800179300001400217650000800231210716s2001 xx 000 0 und d a8176564214 aeng a005.2764 MUKV aMukhi, Vijay;Mukhi, Sonal;Kotecha, Neha. aASP.NET with c#: the basics.bThe basics. a1 aNew DelhibBPB Publicationsc2001 axi,504,20 aASP